| 000 | 00687nam a2200217 u 4500 | ||
|---|---|---|---|
| 005 | 20230513063602.0 | ||
| 008 | 100827s2005 r 000 0 eng d | ||
| 020 | _a9806518837 | ||
| 035 | _aUPN01000177528 | ||
| 049 | _aI | ||
| 050 | 4 |
_aF2308.5 _bV3.3 |
|
| 100 | 1 |
_aVargas Ponce, José _934146 |
|
| 245 | 1 | 0 |
_aCrónicas del 19 de abril / _cJosé Vargas Ponce ; il. Mario Morales. |
| 260 |
_aColombia : _bEl Nacional, _c2005. |
||
| 300 |
_a31 p. : _bil. col. |
||
| 440 | 0 |
_aBrújula de papel. _pCiencias sociales ; _v13 |
|
| 651 | 4 |
_aVENEZUELA - _xHISTORIA - _vLITERATURA JUVENIL _920179 |
|
| 650 | 4 |
_aLIBROS Y LECTURA PARA LA JUVENTUD _910549 |
|
| 905 | _aInfantil | ||
| 999 |
_c149631 _d149631 |
||